| 000 | 00390nam a2200181Ia 4500 | ||
|---|---|---|---|
| 000 | 00746ngmaa2200277 a 4500 | ||
| 003 | RNL | ||
| 006 | g||||fr|||| a0| fz | ||
| 007 | hj bfb|||baap | ||
| 008 | 090707b ii f a fnsan d | ||
| 040 | _aeng | ||
| 100 | _aSingh, Ranjit | ||
| 245 | _aSamarpan | ||
| 260 | _aDelhi | ||
| 260 | _bManpreet Prakashan | ||
| 260 | _c2012 | ||
| 942 | _cBK | ||
| 999 |
_c23699 _d23699 |
||